00761 2200301 4500001002100000005001500021035002000036007000300056040001700059100001400076245004700090250001000137300003400147504002500181020002200206041000800228082001000236084002200246090001600268264004200284336001500326337001300341338001500354650002400369850001000393990002800403990002800431INLIS00000000001373820251210091825 a0010-1225000184ta aSBPUPADbind aErnawati: aAneka Kerajinan Dari Kain Pita /cErnawati aCet.3 a80 hlm :billus. ;c14x21 cm. aBibliografi : hlm 80 a978-623-5511-29-0 bind a745.5 2[23]a745.5 ERN a a745.5 ERN a aYogyakarta :bNew Vita Pustaka,c2023 2rdacontent 2rdamedia 2rdacarrier akerajinan kain pita aPUPAD a39.823/APBN-PUSNAS/H/25 a39.822/APBN-PUSNAS/H/25